ბათუმის შოთა რუსთაველის სახელმწიფო უნივერსიტეტის ბიბლიოთეკა

Устойчивость деформируемых систем. (ბიბ.ჩანაწერი № 35694)

000 -LEADER
fixed length control field 00604nam a2200217Ia 4500
001 - CONTROL NUMBER
control field 1567
003 - CONTROL NUMBER IDENTIFIER
control field GE_BSU
008 - FIXED-LENGTH DATA ELEMENTS--GENERAL INFORMATION
fixed length control field 181216s||||||||xx |||||||||||||| ||und||
040 ## - CATALOGING SOURCE
Transcribing agency GE_BSU
080 ## - UNIVERSAL DECIMAL CLASSIFICATION NUMBER
Universal Decimal Classification number 539.371+539.374
100 ## - MAIN ENTRY--PERSONAL NAME
Personal name Вольмир,А.С.
245 ## - TITLE STATEMENT
Title Устойчивость деформируемых систем.
250 ## - EDITION STATEMENT
Edition statement Изд 2-ое, перераб. и доп.
260 ## - PUBLICATION, DISTRIBUTION, ETC.
Place of publication, distribution, etc. М.
260 ## - PUBLICATION, DISTRIBUTION, ETC.
Name of publisher, distributor, etc. Наука.
260 ## - PUBLICATION, DISTRIBUTION, ETC.
Date of publication, distribution, etc. 1967.
300 ## - PHYSICAL DESCRIPTION
Extent 984стр.21см.
653 ## - INDEX TERM--UNCONTROLLED
Uncontrolled term Устойчивость деформируемых систем.
942 ## - ADDED ENTRY ELEMENTS (KOHA)
Koha item type წიგნი
ეგზემპლარები
Withdrawn status Lost status Damaged status Not for loan Date acquired Barcode Date last seen Price effective from Koha item type
        2018-12-17 3048 2018-12-17 2018-12-17 წიგნი